000 00681nam a2200205Ia 4500
005 20260121110119.0
008 008 260114s9999 xx 000 0 hin d
020 _a9788132364818
037 _aEBOOK
040 _aCRL
_bhin
_cCRL
041 _ahin
_2hin
084 _qCRL
100 _aप्रिया श्रीवास्तव / Priya Srivastava
_9942213
245 0 _aप्राचीन भारतीय इतिहास / Prachin Bhartiya Itihas
260 _bभाषा प्रकाशन / Bhasha Prakashan
_c2021
856 _uhttps://bhashaprakashan.com/product-details/379132
942 _cEBOOK
999 _c1533878
_d1533878